| 000 | 01019nac a22002891u 4500 | ||
|---|---|---|---|
| 003 | EG-ScBUE | ||
| 005 | 20220324150829.0 | ||
| 008 | 200219s1964 ru a f 000 0 eng d | ||
| 040 |
_aEG-ScBUE _beng _erda _cEG-ScBUE _dEG-ScBUE |
||
| 043 | _ae-ur--- | ||
| 082 | 0 | 4 |
_a891 _bOST _222 |
| 100 | 1 |
_aOstrovsky, Nikolay, _d1904-1936, _eauthor. |
|
| 245 | 1 | 0 |
_aHow the steel was tempered : _ba novel in two parts / _nNikolai Ostrovsky. |
| 250 | _aThird English edition. | ||
| 264 | 1 |
_aMoscow : _bProgress Publishers, _c1964. |
|
| 300 |
_a2 volume : _billustrations ; _c17 cm |
||
| 336 |
_2rdacontent _atext _btxt |
||
| 337 |
_2rdamedia _aunmediated _bn |
||
| 338 |
_2rdacarrier _avolume _bnc |
||
| 600 | 1 | 7 |
_aKotovskiĭ, Grigoriĭ Ivanovich, _d1887-1925 _vFiction. _2BUEsh |
| 650 | 7 |
_aRussian Litreature-English. _2BUEsh |
|
| 651 | 7 |
_aSoviet Union _xHistory _yRevolution, 1917-1921. _2BUEsh |
|
| 653 |
_bGGEN _cMarch2022 |
||
| 655 |
_vReading book _934232 |
||
| 942 |
_cBB _2ddc |
||
| 999 |
_c2986 _d2986 |
||